Gender Bias in Tax Systems

Na minha lista:
Detalhes bibliográficos
Autor principal: Stotsky, Janet G.
Formato: Livro
Idioma:inglês
Publicado em: Washington International Monetary Fund 1996
Edição:1. ed.
Colecção:IMF Working Paper 99
Assuntos:
Tags: Adicionar Tag
Sem tags, seja o primeiro a adicionar uma tag!

MARC

LEADER 00000nam a2200000 4500
001 c017491
005 20221205125225.0
041 0 |a eng 
044 |a US 
245 1 0 |a Gender Bias in Tax Systems  |c Janet G. Stotsky 
250 |a 1. ed. 
264 1 |a Washington  |b International Monetary Fund  |c 1996 
300 |a 18 s. 
490 1 |a IMF Working Paper  |v 99 
830 0 |a IMF Working Paper  |v 99 
610 2 0 |a dane 
610 2 0 |a dane z príjmov 
610 2 0 |a sústava daňová 
610 2 0 |a diskriminácia 
610 2 0 |a muži 
610 2 0 |a ženy 
610 2 0 |a diskriminácia pracovná 
610 2 0 |a normy sociálne 
610 2 0 |a krajiny rozvojové 
610 2 0 |a reformy daňové 
610 2 0 |a svet 
610 2 0 |a SVE 
100 1 |a Stotsky, Janet G.